| 000 | 00310 a2200109 4500 | ||
|---|---|---|---|
| 001 | 12610 | ||
| 082 | _a356.160954SIN | ||
| 090 |
_c9622 _d9622 |
||
| 100 | _aSinha B. Deepak | ||
| 245 |
_aBeyond the Bayonet: Indian special operations forces in the 21st century _cDeepak Sinha B. |
||
| 260 |
_aND _bGyan _c2006 |
||
| 942 |
_aNUST-CAE _k356.160954SIN |
||
| 999 |
_c247683 _d247683 |
||